MARC details
| 000 -LEADER |
| fixed length control field |
01286cab a2200421 4500 |
| 001 - CONTROL NUMBER |
| control field |
ABS51876 |
| 008 - FIXED-LENGTH DATA ELEMENTS--GENERAL INFORMATION |
| fixed length control field |
090401t1994 xxu||||| |||| 00| 0 eng d |
| 035 ## - SYSTEM CONTROL NUMBER |
| System control number |
(Sirsi) u48337 |
| 041 ## - LANGUAGE CODE |
| Language code of text/sound track or separate title |
eng |
| 245 ## - TITLE STATEMENT |
| Title |
Building renewal |
| 260 ## - PUBLICATION, DISTRIBUTION, ETC. |
| Date of publication, distribution, etc. |
1994 |
| 300 ## - PHYSICAL DESCRIPTION |
| Extent |
LOAN |
| 350 ## - PRICE (NR) (BK AM CF MU VM SE) [OBSOLETE] |
| Price |
0 |
| 490 ## - SERIES STATEMENT |
| Series statement |
Building |
| Volume/sequential designation |
Supplement 9 December 1994, (26) |
| 520 ## - SUMMARY, ETC. |
| Summary, etc. |
Discusses the privatisation of MoD housing stock, examining the options for change for the sites for disposal, the reuse of two barracks in Southsea and Winchester for conversion to housing, concern over a disused US base in Suffolk and ports combining tourism and manufacturing. |
| 650 ## - SUBJECT ADDED ENTRY--TOPICAL TERM |
| Topical term or geographic name entry element |
BARRACKS |
| 650 ## - SUBJECT ADDED ENTRY--TOPICAL TERM |
| Topical term or geographic name entry element |
BENTWATERS |
| 650 ## - SUBJECT ADDED ENTRY--TOPICAL TERM |
| Topical term or geographic name entry element |
CHATHAM |
| 650 ## - SUBJECT ADDED ENTRY--TOPICAL TERM |
| Topical term or geographic name entry element |
DEFENCE ESTATE |
| 650 ## - SUBJECT ADDED ENTRY--TOPICAL TERM |
| Topical term or geographic name entry element |
DEFENCE LANDS |
| 650 ## - SUBJECT ADDED ENTRY--TOPICAL TERM |
| Topical term or geographic name entry element |
HOUSING STOCK |
| 650 ## - SUBJECT ADDED ENTRY--TOPICAL TERM |
| Topical term or geographic name entry element |
MILITARY BUILDINGS |
| 650 ## - SUBJECT ADDED ENTRY--TOPICAL TERM |
| Topical term or geographic name entry element |
MILITARY SITES |
| 650 ## - SUBJECT ADDED ENTRY--TOPICAL TERM |
| Topical term or geographic name entry element |
MINISTRY OF DEFENCE |
| 650 ## - SUBJECT ADDED ENTRY--TOPICAL TERM |
| Topical term or geographic name entry element |
NAVAL DOCKYARDS |
| 650 ## - SUBJECT ADDED ENTRY--TOPICAL TERM |
| Topical term or geographic name entry element |
PORTS |
| 650 ## - SUBJECT ADDED ENTRY--TOPICAL TERM |
| Topical term or geographic name entry element |
PORTSMOUTH |
| 650 ## - SUBJECT ADDED ENTRY--TOPICAL TERM |
| Topical term or geographic name entry element |
BUILT ENVIRONMENT-BUILDING MAINTENANCE AND REFURBISHMENT |
| 650 ## - SUBJECT ADDED ENTRY--TOPICAL TERM |
| Topical term or geographic name entry element |
SOUTHSEA |
| 650 ## - SUBJECT ADDED ENTRY--TOPICAL TERM |
| Topical term or geographic name entry element |
SUFFOLK |
| 650 ## - SUBJECT ADDED ENTRY--TOPICAL TERM |
| Topical term or geographic name entry element |
SURPLUS LAND |
| 650 ## - SUBJECT ADDED ENTRY--TOPICAL TERM |
| Topical term or geographic name entry element |
US AIRBASES |
| 650 ## - SUBJECT ADDED ENTRY--TOPICAL TERM |
| Topical term or geographic name entry element |
VENICE |
| 650 ## - SUBJECT ADDED ENTRY--TOPICAL TERM |
| Topical term or geographic name entry element |
WINCHESTER |
| 690 ## - LOCAL SUBJECT ADDED ENTRY--TOPICAL TERM (OCLC, RLIN) |
| Topical term or geographic name as entry element |
BUILT ENVIRONMENT |
| 942 ## - ADDED ENTRY ELEMENTS (KOHA) |
| Suppress in OPAC |
0 |
| 948 ## - LOCAL PROCESSING INFORMATION (OCLC); SERIES PART DESIGNATOR (RLIN) |
| c (OCLC) |
04/03/1997 |